00462 2200145 4500001002100000008004100021035002000062245013200082100001300214260004600227084000800273082000800281650001200289990001500301INLIS000000000003969 ind  a0010-1224000140 aEfektivitas Pelaksanaan Program Keluarga Berencana Dalam Menekan Laju Pertumbuhan Penduduk di Desa Anjir Pulang PisaucMuntiara aMuntiara aPalangka Raya :bPerpustakaan UMPR,c2022 a011 a011 aSKRIPSI a1811020322